[Event "Wch U08"]
[Site "Montesilvano"]
[Date "2024.11.25"]
[Round "10"]
[White "Nguyen, Thanh San"]
[Black "Dzelnik, Robert"]
[Result "0-1"]
[WhiteElo "1493"]
[BlackElo "1822"]
[PlyCount "70"]
[EventDate "2024.11.15"]
[EventType "swiss"]
[EventRounds "11"]
[EventCountry "ITA"]
[SourceTitle "CB48_2024"]
[SourceDate "2024.11.28"]
[SourceVersion "1"]
[SourceVersionDate "2024.11.28"]
[SourceQuality "1"]

1. d4 d5 2. Bf4 Nf6 3. e3 c5 4. Nf3 Nc6 5. c3 Qb6 6. Qc2 Bg4 7. dxc5 Qxc5 8. Be2 Bxf3 9. Bxf3 e5 10. Bg3 Be7 11. Nd2 0-0 12. 0-0 Rad8 13. Rac1 e4 14. Be2 b5 15. Nb3 Qb6 16. Nd4 a6 17. Rfd1 Bd6 18. Rd2 Bxg3 19. hxg3 Ne5 20. Rcd1 Rc8 21. Nf5 Qe6 22. g4 h6 23. f4 exf3 24. gxf3 Nc4 25. Bxc4 Rxc4 26. Qd3 Rd8 27. b3 Rc7 28. c4 bxc4 29. bxc4 Rxc4 30. Qa3 g6 31. Nd4 Qe5 32. Ne2 Nxg4 33. Nf4 Nxe3 34. Kf2 Nxd1+ 35. Rxd1 Qxf4 0-1

[Event "Wch U08"]
[Site "Montesilvano"]
[Date "2024.11.24"]
[Round "9"]
[White "Dzelnik, Robert"]
[Black "Cronje, Frederick"]
[Result "1-0"]
[WhiteElo "1822"]
[BlackElo "1434"]
[PlyCount "61"]
[EventDate "2024.11.15"]
[EventType "swiss"]
[EventRounds "11"]
[EventCountry "ITA"]
[SourceTitle "CB48_2024"]
[SourceDate "2024.11.28"]
[SourceVersion "1"]
[SourceVersionDate "2024.11.28"]
[SourceQuality "1"]

1. e4 e6 2. d4 d5 3. Nc3 Nf6 4. e5 Nfd7 5. f4 c5 6. Nf3 Qb6 7. Ne2 Nc6 8. b3 f6 9. Bb2 c4 10. Ng3 Nd8 11. Be2 Nf7 12. 0-0 fxe5 13. fxe5 Nfxe5 14. Nxe5 Nxe5 15. Kh1 Nf7 16. Bh5 g6 17. Qf3 Qc7 18. Bg4 Bg7 19. Ba3 Ng5 20. Qf2 Qf7 21. Qe3 Bf6 22. Qf4 Bd8 23. Qe5 Qg8 24. Rf8+ Qxf8 25. Bxf8 Rxf8 26. Re1 Bf6 27. Qxd5 Kf7 28. Qxc4 Bd7 29. h4 Rac8 30. Qe2 Bxd4 31. hxg5 1-0

[Event "Wch U08"]
[Site "Montesilvano"]
[Date "2024.11.19"]
[Round "5"]
[White "Dzelnik, Robert"]
[Black "Tokmachov, Daniel"]
[Result "1-0"]
[WhiteElo "1822"]
[BlackElo "1565"]
[PlyCount "95"]
[EventDate "2024.11.15"]
[EventType "swiss"]
[EventRounds "11"]
[EventCountry "ITA"]
[SourceTitle "CB48_2024"]
[SourceDate "2024.11.28"]
[SourceVersion "1"]
[SourceVersionDate "2024.11.28"]
[SourceQuality "1"]

1. e4 c6 2. d4 d5 3. e5 Bf5 4. h4 h6 5. Bd3 Bxd3 6. cxd3 e6 7. a3 Nd7 8. Nf3 Rc8 9. g4 c5 10. dxc5 Nxc5 11. b4 Nd7 12. d4 Qc7 13. 0-0 h5 14. Ng5 hxg4 15. Qxg4 Nh6 16. Qf3 Be7 17. Be3 Bxg5 18. Bxg5 Nb6 19. Rc1 Nc4 20. Nc3 Qd7 21. Ne2 Nf5 22. h5 g6 23. h6 Nxh6 24. Qh3 f5 25. exf6 Rc6 26. Bxh6 Qh7 27. f7+ Qxf7 28. Qg3 Rxh6 29. Qb8+ Ke7 30. Qxb7+ Kf8 31. Qxc6 Qf3 32. Ng3 Rh3 33. Qc8+ Ke7 34. Qc7+ Kf6 35. Qd8+ Kf7 36. Qg5 e5 37. dxe5 Ke8 38. Qxg6+ Kd8 39. Qf6+ Qxf6 40. exf6 Ke8 41. Rd1 a5 42. Rxd5 axb4 43. axb4 Na3 44. Rxa3 Kf8 45. Ra7 Ke8 46. Rb5 Rh1+ 47. Nxh1 Kd8 48. Rb8# 1-0